Harry Potter-Half Blood Prince - Statistics

General Stats
  • This quiz has been taken 738 times
  • The average score is 14 of 20
Answer Stats
Hint Answer % Correct
Who is the Half-Blood Prince Severus Snape
96%
Who is the new potion master? Horace Slughorn
94%
How many Horcruxes did Voldemort make? Seven
88%
What does Felix Felicis do? Luck Potion
84%
Who does Severus Snape make an unbreakable vow to? Narcissa Malfoy
83%
Who sent the cursed Locket unsuccessfully to Dumbledore? Draco Malfoy
81%
What Forbidden Forest creature dies? Aragog
79%
In the Pensieve who is seen casting 'Levicorpus' on Severus Snape? James Potter
76%
Who is the Black Family's House-Elf? Kreacher
75%
What colour tomb does Dumbledore have? White
74%
What do you have to give to get into cave? Blood
70%
Who owned the Horcrux Ring? Marvolo Gaunt
70%
Who is R.A.B? Regulus Augustus Black
69%
Who almost kills Bill Weasley? Fenrir Greyback
67%
How did the Death Eaters get access to Hogwarts? Vanishing Cabinet
67%
Who is the Minister for Magic? Rufus Scrimgeour
53%
What is in the water in the cave? Inferi
52%
Who in Hogsmeade was under the Imperius Curse? Madame Rosmerta
46%
What lures Dumbledore to the Lightning-Struck Tower? Dark Mark
32%
Who dies if Malfoy fails his order? Lucius and Narcissa Malfoy
11%
No matching quizzes found
Score Distribution
Percent of People with Each Score
Percentile by Number Answered
Your Score History
You have not taken this quiz